书目信息 |
| 题名: |
科学计算自由软件SCILAB研究、开发与应用
|
|
| 作者: | 李实等 编 | |
| 分册: | ||
| 出版信息: | 北京 清华大学出版社 2008.09 |
|
| 页数: | 173页 | |
| 开本: | 26cm | |
| 丛书名: | ||
| 单 册: | ||
| 中图分类: | O245-53 , O245 | |
| 科图分类: | ||
| 主题词: | 数值计算--应用软件,SCILAB--国际学术会议--文集--英文 | |
| 电子资源: | ||
| ISBN: | 978-7-302-18475-1 | |
| 000 | 00838nam0 2200229 450 | |
| 001 | 2333357166 | |
| 005 | 20231211091624.08 | |
| 010 | @a978-7-302-18475-1@b精装@dCNY 78.00 | |
| 100 | @a20160603d2016 em y0chiy0110 ea | |
| 101 | 0 | @achi |
| 102 | @aCN@b110000 | |
| 105 | @ay z 000yy | |
| 200 | 1 | @a科学计算自由软件SCILAB研究、开发与应用@Ake xue ji suan zi you ruan jian s c i l a b yan jiu kai fa yu ying yong@f李实等编 |
| 210 | @a北京@c清华大学出版社@d2008.09 | |
| 215 | @a173页@d26cm | |
| 330 | @a本书是2007年5月11~13日在广州召开的科学计算自由软件SCILAB及其工程应用国际学术会议的论文集。全书为英文。共收录19篇论文。 | |
| 606 | 0 | @a数值计算@x应用软件,SCILAB@x国际学术会议@j文集@x英文 |
| 690 | @aO245-53@v5 | |
| 690 | @aO245@v4 | |
| 701 | 0 | @a李实等@Ali shi deng@4编 |
| 801 | 0 | @aCN@b辽宁北配@c20231205 |
| 905 | @aZUCC@dO245@e1 | |
| 科学计算自由软件SCILAB研究、开发与应用/李实等编.-北京:清华大学出版社,2008.09 |
| 173页;26cm |
| ISBN 978-7-302-18475-1(精装):CNY 78.00 |
| 本书是2007年5月11~13日在广州召开的科学计算自由软件SCILAB及其工程应用国际学术会议的论文集。全书为英文。共收录19篇论文。 |
| ● |
| 相关链接 |
|
|
|
正题名:科学计算自由软件SCILAB研究、开发与应用
索取号:O245/1
 
预约/预借
| 序号 | 登录号 | 条形码 | 馆藏地/架位号 | 状态 | 备注 |
| 1 | 2001533942 | 2001533942 | 319书库/ [索取号:O245/1] | 在馆 | |
| 2 | 2001533943 | 2001533943 | 319书库/ [索取号:O245/1] | 在馆 | |
| 3 | 2001533944 | 2001533944 | 319书库/ [索取号:O245/1] | 在馆 | |
| 4 | 2001533945 | 2001533945 | 319书库/ [索取号:O245/1] | 在馆 | |
| 5 | 2001533946 | 2001533946 | 315书库/ [索取号:O245/1] | 在馆 | |
| 6 | 2001533947 | 2001533947 | 319书库/ [索取号:O245/1] | 在馆 | |
| 7 | 2001533948 | 2001533948 | 319书库/ [索取号:O245/1] | 在馆 | |
| 8 | 2001533949 | 2001533949 | 319书库/ [索取号:O245/1] | 在馆 | |
| 9 | 2001533950 | 2001533950 | 319书库/ [索取号:O245/1] | 在馆 | |
| 10 | 2001533951 | 2001533951 | 315书库/ [索取号:O245/1] | 在馆 | |
| 11 | 2001533952 | 2001533952 | 319书库/ [索取号:O245/1] | 在馆 | |
| 12 | 2001533953 | 2001533953 | 319书库/ [索取号:O245/1] | 在馆 | |
| 13 | 2001533954 | 2001533954 | 319书库/ [索取号:O245/1] | 在馆 | |
| 14 | 2001533955 | 2001533955 | 319书库/ [索取号:O245/1] | 在馆 | |
| 15 | 2001533956 | 2001533956 | 319书库/ [索取号:O245/1] | 在馆 | |
| 16 | 2001533957 | 2001533957 | 315书库/ [索取号:O245/1] | 在馆 | |
| 17 | 2001533958 | 2001533958 | 319书库/ [索取号:O245/1] | 在馆 | |
| 18 | 2001533959 | 2001533959 | 319书库/ [索取号:O245/1] | 在馆 | |
| 19 | 2001533960 | 2001533960 | 319书库/ [索取号:O245/1] | 在馆 | |
| 20 | 2001533961 | 2001533961 | 315书库/ [索取号:O245/1] | 在馆 | |
| 21 | 2001533962 | 2001533962 | 315书库/ [索取号:O245/1] | 在馆 | |
| 22 | 2001533963 | 2001533963 | 315书库/ [索取号:O245/1] | 在馆 | |
| 23 | 2001533964 | 2001533964 | 319书库/ [索取号:O245/1] | 在馆 | |
| 24 | 2001533965 | 2001533965 | 319书库/ [索取号:O245/1] | 在馆 | |
| 25 | 2001533966 | 2001533966 | 319书库/ [索取号:O245/1] | 在馆 | |
| 26 | 2001533967 | 2001533967 | 319书库/ [索取号:O245/1] | 在馆 | |
| 27 | 2001533968 | 2001533968 | 319书库/ [索取号:O245/1] | 在馆 | |
| 28 | 2001533969 | 2001533969 | 319书库/ [索取号:O245/1] | 在馆 | |
| 29 | 2001533970 | 2001533970 | 319书库/ [索取号:O245/1] | 在馆 | |
| 30 | 2001533971 | 2001533971 | 319书库/ [索取号:O245/1] | 在馆 |